000 00604nam a2200193Ia 4500
005 20250508164911.0
008 008 250505s9999 xx 000 0 eng d
037 _aDissertations
040 _aFEDL
_beng
_cFEDL
041 _aeng
_2eng
084 _a370.152, RAJ/DI
_qFEDL
100 _aRajput Mamta
_9548775
245 0 _aCognitive abilities in relation to practical skills among learners in science - A correlational study
260 _c2000
300 _a84p.
546 _aM.Ed. Dissertation (Delhi University)
942 _cDIS
_h370.152, RAJ/DI
999 _c1391896
_d1391896